logo

Bir Sreshtho Munshi Abdur Rouf Library
Jhenaidah Cadet College

দুই বাংলার নির্বাচিত কিশোর গল্প সংকলন / (Record no. 2110)

MARC details
000 -LEADER
fixed length control field 00863nam a22002297a 4500
001 - CONTROL NUMBER
JCCL Control Number 2110
003 - CONTROL NUMBER IDENTIFIER
JCCL marc code BD-JhCC
005 - DATE AND TIME OF LATEST TRANSACTION
control field 20190925134018.0
008 - FIXED-LENGTH DATA ELEMENTS--GENERAL INFORMATION
fixed length control field 171029b bg ac||| |||| 000 0 ben d
020 ## - INTERNATIONAL STANDARD BOOK NUMBER
International Standard Book Number 9789845980012
035 ## - SYSTEM CONTROL NUMBER
system control number (BD-JhCC)2110
040 ## - CATALOGING SOURCE
Original cataloging agency BD-JhCC
Modifying agency BD-JhCC
041 ## - LANGUAGE CODE
Language code of Book ben
082 ## - DEWEY DECIMAL CLASSIFICATION NUMBER
Classification number 891.4435
Author mark and Year DUI 2014
245 ## - TITLE STATEMENT
Title দুই বাংলার নির্বাচিত কিশোর গল্প সংকলন /
Statement of responsibility, etc সম্পাদনা সুনীল গঙ্গোপাধ্যায় ও ইমদাদুল হক মিলন
300 ## - PHYSICAL DESCRIPTION
Pagination ৭৫৮ পৃ. :
Other physical details ill. ;
Dimensions ২২ সেমি.
650 ## - SUBJECT ADDED ENTRY--TOPICAL TERM
Topical term or geographic name as entry element Collection of Juvenile Stories
700 ## - ADDED ENTRY--PERSONAL NAME
Personal name গঙ্গোপাধ্যায়, সুনীল
700 ## - ADDED ENTRY--PERSONAL NAME
Personal name মিলন, ইমদাদুল হক
942 ## - ADDED ENTRY ELEMENTS (KOHA)
Source of classification or shelving scheme Dewey Decimal Classification
Koha item type Books
Koha issues (borrowed), all copies 1
Holdings
Source of classification or shelving scheme Damaged status Not for loan Home library Current library Shelving location Date of accession Source of acquisition Cost, normal purchase price Total Checkouts Full call number Barcode Date last seen Date checked out Copy number Koha item type
Dewey Decimal Classification     JCC Rouf Library JCC Rouf Library General Stacks 10/29/2017 IPDC 650.00 2 891.4435 DUI 2014 3383 04/12/2020 04/09/2020 C-1 Books

JCC Library | Contacts | JCC Home

Last Update on 23 September 2017
Copyright @ 2017-2020 JCC Rouf Library
Rouf Library, Jhenidah Cadet College (JCC), Bangladesh